Statistiques concernant Top 10 des animaux qui ont la plus longue gestation

Cliquez ici pour prendre le quiz!

Statistiques générales

  • Ce quiz a été pris 233 fois
  • Le résultat moyen est 4 sur 10

Statistiques - réponses

AnimauxRéponse% Correct
2 (600 jours)Elephant
96%
6 (15 mois)Girafe
76%
3 (16 mois)Rhinocéros
62%
7 (1 an)Dauphin
49%
5 (16 mois)Orque
40%
8 (1 an)Baleine Bleue
35%
10 (10 à 12 mois)Zèbre
29%
9 (10 à 12 mois)Jument
13%
4 (16 mois)Morse
11%
1 (3 ans et demi)Réquin-Lézard
5%

Distribution des résultats

Percentile par nombre de réponses

% des personnes avec chaque résultat

Votre développement - résultats

Vous n’avez pas pris ce quiz